00811nam a2200157 i 4500001000700000003000900007005001700016008004100033040002000074100004100094245011600135260007800251300002200329852012000351852018200471153682ES-MaACL20240515063119.0950922s1837 sp |||| | spa d aCAM bspa cCAM1 aEscosura, Patricio de la,d1807-187813aLa corte del Buen Retiro b: drama histórico en cinco actos / cescrito en verso por Patricio de la Escosura. aMadrid : b[s.n.], c1837 (fImprenta de los hijos de Catalina Piñuela) a112 p. ; c18 cm. aES-MaACLjD-1760(10) z-- Enc. hol. z-- Legado de Modesto de la Fuenteq-- Falto de la port. y de la cub. original aES-MaACLjF-8625(8) z.- Enc. pasta española q.- Falto de la cub. originalz.- Enc. en un vol. facticio formando parte de la col. facticia "Teatro español moderno", vol. 80